000 00785cab a2200241 4500
001 X2905
008 090401t1995 xxu||||| |||| 00| 0 eng d
035 _a(Sirsi) u27154
041 _aeng
245 _aEMIIS announces merger
260 _c1995
350 _a0
490 _aCSM (Chartered Surveyor Monthly)
_v4(9) July/August 1995, 9(1)
520 _aEMIIS Ltd, the software company responsible for the Elsie cost modelling and building feasibility package, has announced its merger with Engineering Technology Group.
650 _aCOMPUTER SOFTWARE
650 _aCOST MODELLING
650 _aELSIE
650 _aEMIIS
650 _aENGINEERING TECHNOLOGY GROUP
690 _aMANAGEMENT-BUSINESS MANAGEMENT-INFORMATION MANAGEMENT
942 _n0
948 _c04/03/1997
999 _c18286
_d18286